000 01288nam0a22002891 4500
001 rc\4801136
005 20130426134132.2
021 _aRU
_b[64-15754]
035 _a(NLR Aleph) 008872231
090 _a8528889
_c8528889
100 _a20130426d1964 |||y0rusy50 ca
101 0 _arus
102 _aRU
105 _aa z |||||
200 1 _aТеория оболочек и пластин
_eТруды IV Всесоюз. конференции по теории оболочек и пластин. Ереван, 24-31 окт. 1962 г.
_f[Отв. ред. С.М. Дургарьян]
_gАкад. наук Арм. ССР. Ин-т математики и механики
210 _aЕреван
_cИзд-во Акад. наук Арм. ССР
_d1964
215 _a1016 с.
_cчерт.
_d27
320 _aБиблиогр. в конце докладов
606 _aПластины
_jСборники
_2psbo
606 _aОболочки
_jСборники
_2psbo
702 1 _aДургарьян
_bС. М.
_4340
712 1 2 _aВсесоюзная конференция по теории пластин и оболочек
_d4
_f1962
_eЕреван
_3RU\NLR\AUTH\8810056666
801 0 _aRU
_bNLR
_gpsbo
801 1 _aRU
_bELAR
_2rusmarc
852 _aNLR
_j64-7/595
942 _cBOOK
980 _aNB